| 000 | 01275cam a2200277 4500 | ||
|---|---|---|---|
| 001 | ABS65732 | ||
| 008 | 020715n2002 000 0 eng u | ||
| 035 | _a(Sirsi) u118813 | ||
| 100 | _aMichaelson, J | ||
| 245 | _aPack a tool kit for rusty tenants | ||
| 260 | _c2002 | ||
| 490 |
_aEstates Gazette _v(0223) 8 June 2002, 110-112(3) |
||
| 520 | _aOutlines the key legal tools to help asset managers deal effectively with tenants who don't pay or break the terms of a lease. Provides explanations on serving a s25 notice under the Landlord and Tenant Act 1954 to gain possession of the unit; using a s146 notice for any breach of covenant; distress; applying for a lease renewal; landlord' s right of re-entry; the letter before action; statutory demand; and other solutions such as s17 notices under the Landlord and Tenant (Covenants) Act 1995 to obtain arrears of rent from outgoing assignors. | ||
| 590 | _aABS | ||
| 650 | _aPROPERTY ASSET MANAGEMENT | ||
| 650 | _aLANDLORD AND TENANT ACT 1954 | ||
| 650 | _aSECTION 25 NOTICES | ||
| 650 | _aS146 NOTICES | ||
| 650 | _aDISTRESS | ||
| 650 | _aLEASE RENEWAL | ||
| 650 | _aRIGHT OF RE-ENTRY | ||
| 650 | _aSTATUTORY DEMAND | ||
| 650 | _aLITIGATION | ||
| 690 | _aPROPERTY-LANDLORD AND TENANT | ||
| 942 | _n0 | ||
| 999 |
_c70726 _d70726 |
||